| 000 | 00458nam a2200157 a 4500 | ||
|---|---|---|---|
| 001 | 2936 | ||
| 003 | CDMR | ||
| 005 | 20130116135237.0 | ||
| 008 | 130130s2000||||||||||||||||||||||||||||d | ||
| 040 |
_aCDMR _bcat _cCPC GIRONA |
||
| 100 | 1 |
_aCarbonell i Fita, Pere _92157 |
|
| 245 | 1 | 0 |
_aNadal a la presó Model (1944-1945) _cCarbonell i Fita, Pere |
| 260 |
_c2000 _bPublicacions de l'Abadia de Montserrat |
||
| 490 | 0 |
_aBiblioteca Serra d'Or _v253 _92158 |
|
| 942 | _cMON | ||
| 999 |
_c2936 _d2936 |
||